[Event "34th Chess Olympiad (men)"]
[Site "Istanbul"]
[Date "2000.11.01"]
[Round "5.47.4"]
[White "Kawuma, Stevan"]
[Black "Mawed, Mohamed"]
[WhiteElo "2020"]
[BlackElo "2000"]
[WhiteCountry "UGA"]
[BlackCountry "PLE"]
[Result "1-0"]

1. e4 e5 2. Nf3 Nc6 3. Bb5 a6 4. Ba4 Nf6 5. d3 Bc5 6. c3 b5 7. Bb3 Qe7 
8. Bg5 h6 9. Bc1 d6 10. Nbd2 Bb6 11. Nf1 Ng4 12. Be3 Nxe3 13. Nxe3 Bxe3 
14. fxe3 Na5 15. Bc2 Nb7 16. O-O Be6 17. d4 f6 18. Nh4 Qf7 19. a4 O-O 
20. axb5 axb5 21. d5 Bd7 22. b4 Kh7 23. Nf5 g6 24. Nh4 Qe7 25. Qe2 g5 
26. Nf5 Qf7 27. Ng3 g4 28. Bd3 h5 29. Bxb5 h4 30. Bxd7 hxg3 31. Qxg4 gxh2+ 
32. Kxh2 Rxa1 33. Rxa1 Rh8 34. Bf5+ Kh6 35. Rh1 
1-0

[Event "34th Chess Olympiad (men)"]
[Site "Istanbul"]
[Date "2000.11.01"]
[Round "5.48.1"]
[White "Kotronias, Vasilios"]
[Black "Dos Ramos, Carlos"]
[WhiteElo "2539"]
[BlackElo "2000"]
[WhiteCountry "CYP"]
[BlackCountry "SUR"]
[Result "1-0"]

1. e4 g6 2. d4 Bg7 3. Nf3 d6 4. Nc3 Bg4 5. Be3 Nd7 6. h3 Bxf3 7. Qxf3 c6 
8. O-O-O e5 9. dxe5 Nxe5 10. Qe2 Qc7 11. Qd2 Nf6 12. Qxd6 Qxd6 13. Rxd6 O-O 
14. f4 Ne8 15. Rd2 Bh6 16. Nd1 
1-0

[Event "34th Chess Olympiad (men)"]
[Site "Istanbul"]
[Date "2000.11.01"]
[Round "5.48.2"]
[White "Siban, Michael"]
[Black "Antoniou, Antonis"]
[WhiteElo "2000"]
[BlackElo "2246"]
[WhiteCountry "SUR"]
[BlackCountry "CYP"]
[Result "0-1"]

1. e4 d6 2. d4 Nf6 3. Nc3 c6 4. f3 Nbd7 5. Nh3 e5 6. dxe5 dxe5 7. Be3 Qa5 
8. a3 b5 9. Nf2 Be7 10. Be2 Qc7 11. O-O a6 12. Nd3 c5 13. Qd2 Bb7 14. Rfd1 O-O 
15. b3 Rfd8 16. Qe1 Nf8 17. a4 b4 18. Na2 Ne6 19. Nb2 a5 20. Nc4 Nd4 
21. Bd3 Nd7 22. Qg3 Ba6 23. Rd2 f6 24. Qg4 Nf8 25. Rad1 Bc8 26. Qg3 Nfe6 
27. Nb2 Nf4 28. Bc4+ Kh8 29. Nc1 g6 30. Kf1 f5 31. exf5 gxf5 32. Bxf4 exf4 
33. Qf2 Bf6 34. Nbd3 Ba6 35. Bxa6 Rxa6 36. Ne2 Nxe2 37. Rxe2 c4 38. bxc4 Qxc4 
39. Rde1 b3 40. Nc5 bxc2 41. Nd3 Qxd3 42. Qc5 Bc3 
0-1

[Event "34th Chess Olympiad (men)"]
[Site "Istanbul"]
[Date "2000.11.01"]
[Round "5.48.3"]
[White "Clerides, Paraskevas"]
[Black "Gajadin, Dew"]
[WhiteElo "2226"]
[BlackElo "2202"]
[WhiteCountry "CYP"]
[BlackCountry "SUR"]
[Result "1-0"]

1. e4 e5 2. Nf3 Nc6 3. Bb5 a6 4. Ba4 Nf6 5. O-O b5 6. Bb3 Be7 7. Re1 d6 
8. c3 O-O 9. h3 Na5 10. Bc2 c5 11. d4 Qc7 12. Nbd2 Bd7 13. Nf1 cxd4 
14. cxd4 Rac8 15. Ne3 Rfe8 16. Bd2 exd4 17. Nxd4 Nc4 18. Nxc4 Qxc4 19. Bg5 Qb4 
20. Bb3 Nxe4 21. Bxe7 Rxe7 22. a3 Qc5 23. f3 Rce8 24. Rc1 Qg5 25. fxe4 Bxh3 
26. Qf3 Bg4 27. Qf2 h5 28. Bd5 Kh8 29. Rf1 h4 30. Nf5 h3 31. Nxe7 hxg2 
32. Qxg2 Rxe7 33. Rc3 
1-0

[Event "34th Chess Olympiad (men)"]
[Site "Istanbul"]
[Date "2000.11.01"]
[Round "5.48.4"]
[White "Treu, Auke"]
[Black "Riza, Conrad"]
[WhiteElo "2000"]
[BlackElo "2000"]
[WhiteCountry "SUR"]
[BlackCountry "CYP"]
[Result "0-1"]

1. e4 c5 2. c3 e6 3. d4 d5 4. e5 Nc6 5. Nf3 Qb6 6. Bd3 g6 7. O-O Bd7 
8. Bc2 cxd4 9. cxd4 Nb4 10. Ba4 Bxa4 11. Qxa4+ Qc6 12. Nc3 Qxa4 13. Nxa4 Rc8 
14. a3 Nc6 15. b4 b6 16. Bd2 h5 17. Rfc1 Nh6 18. b5 Ne7 19. Bb4 Kd7 
20. Rxc8 Nxc8 21. Bxf8 Rxf8 22. Ng5 Ne7 23. Rc1 Rc8 24. Rxc8 Kxc8 25. Nc3 Nef5 
26. Ne2 Kd7 27. h3 Ke7 28. Nh7 Ng8 29. g4 hxg4 30. hxg4 Nfh6 31. g5 Nf5 
32. Nf6 Nxf6 33. gxf6+ Kf8 34. Kf1 Kg8 35. Ke1 Kh7 36. Kd2 g5 37. Kd3 Kg6 
38. a4 Kh5 39. Nc3 Kg4 40. Nxd5 exd5 41. e6 Nd6 
0-1

[Event "34th Chess Olympiad (men)"]
[Site "Istanbul"]
[Date "2000.11.01"]
[Round "5.49.1"]
[White "Wijesurija, G Laxman"]
[Black "Borg, Geoffrey"]
[WhiteElo "2160"]
[BlackElo "2344"]
[WhiteCountry "SRI"]
[BlackCountry "MLT"]
[Result "1/2-1/2"]

1. d4 g6 2. e4 c5 3. dxc5 Qa5+ 4. c3 Qxc5 5. Be3 Qc7 6. Na3 Nc6 7. f4 Bg7 
8. Bd3 d6 9. h3 Nf6 10. Nf3 a6 11. Nc4 Nd7 12. a4 b6 13. O-O Bb7 14. Qe1 b5 
15. axb5 axb5 16. Na3 b4 17. Nb5 Qb8 18. Rxa8 Bxa8 19. cxb4 Bxb2 20. Qb1 Bg7 
21. Rc1 O-O 22. Nfd4 Nxd4 23. Nxd4 e5 24. Nc6 Bxc6 25. Rxc6 exf4 26. Bxf4 Bd4+ 
27. Kh1 Ne5 28. Bxe5 dxe5 29. b5 Qb7 30. Bc4 Ra8 31. Bd5 Qb8 32. b6 
1/2-1/2

[Event "34th Chess Olympiad (men)"]
[Site "Istanbul"]
[Date "2000.11.01"]
[Round "5.49.2"]
[White "Camilleri, Henry"]
[Black "De Silva, Nirosh"]
[WhiteElo "2156"]
[BlackElo "2162"]
[WhiteCountry "MLT"]
[BlackCountry "SRI"]
[Result "0-1"]

1. e4 c5 2. Nf3 e6 3. c4 Nc6 4. d4 cxd4 5. Nxd4 Nf6 6. Nc3 d6 7. Be2 Be7 
8. O-O a6 9. b3 Qc7 10. Kh1 Nxd4 11. Qxd4 O-O 12. Bb2 Bd7 13. Rac1 Bc6 
14. Nd5 Bxd5 15. cxd5 Qd8 16. dxe6 fxe6 17. Bc4 d5 18. exd5 exd5 19. Rcd1 Rc8 
20. Bd3 Qd7 21. Bb1 Qg4 22. Qe5 Rce8 23. Bf5 Qh4 24. Rd4 Qh5 25. Be6+ Kh8 
26. Qxh5 Nxh5 27. Bxd5 Bc5 28. Re4 Rd8 29. Bc4 Rxf2 30. Rxf2 Bxf2 31. g4 Nf6 
32. Rf4 Bh4 33. Bc3 b5 34. Be6 Rd6 35. Bf5 Bg5 36. Rd4 Rxd4 37. Bxd4 Nd5 
38. h3 Bf6 39. Bxf6 gxf6 40. Kg2 b4 41. Kf3 Nc3 42. Ke3 Nxa2 43. Kd4 h5 
44. gxh5 Kg7 45. h4 Kh6 46. Bg6 Nc1 47. Kc4 a5 48. Bf7 f5 49. Kb5 f4 
50. Kxa5 f3 51. Bc4 Na2 52. Kb6 Kxh5 53. Kc5 Kxh4 54. Kd4 Kg3 55. Ke3 f2 
56. Bf1 Nc1 57. Ba6 Nxb3 58. Bf1 Nc5 59. Kd4 b3 60. Kc3 Kh2 61. Kd2 Kg1 
62. Bc4 f1Q 63. Bxf1 Kxf1 64. Kc3 Ke2 65. Kb2 Kd2 66. Kb1 Kc3 67. Ka1 Ne4 
0-1

[Event "34th Chess Olympiad (men)"]
[Site "Istanbul"]
[Date "2000.11.01"]
[Round "5.49.3"]
[White "Athukorala, Anuradha.b"]
[Black "Borg, Andrew"]
[WhiteElo "2000"]
[BlackElo "2132"]
[WhiteCountry "SRI"]
[BlackCountry "MLT"]
[Result "0-1"]

1. Nf3 Nf6 2. d4 d5 3. c4 c6 4. cxd5 cxd5 5. Nc3 Nc6 6. Bf4 Bf5 7. e3 e6 
8. a3 Bd6 9. Bxd6 Qxd6 10. Rc1 O-O 11. Be2 h6 12. Nd2 Rfd8 13. g4 Be4 
14. Ncxe4 Nxe4 15. Nxe4 dxe4 16. Bc4 Rac8 17. Ba2 a5 18. h4 Qe7 19. Rc3 Ne5 
20. Rxc8 Nd3+ 21. Ke2 Rxc8 22. Qd2 e5 23. Bb1 exd4 24. Bxd3 dxe3 25. fxe3 Rd8 
26. Qxa5 exd3+ 27. Kd1 Qf6 28. Ke1 d2+ 29. Ke2 Qd6 30. Rd1 Qh2+ 31. Kf3 Rd6 
32. Qh5 Qh3+ 33. Kf4 Qh2+ 34. Kf3 Rf6+ 35. Ke4 Qg2+ 36. Kd3 Rd6+ 37. Kc2 Qe2 
38. Qc5 Rc6 39. Qxc6 bxc6 40. Rxd2 Qxg4 
0-1

[Event "34th Chess Olympiad (men)"]
[Site "Istanbul"]
[Date "2000.11.01"]
[Round "5.49.4"]
[White "Vella, Duncan"]
[Black "Yapa, Mayura"]
[WhiteElo "2000"]
[BlackElo "2000"]
[WhiteCountry "MLT"]
[BlackCountry "SRI"]
[Result "0-1"]

1. e4 c5 2. Nf3 Nc6 3. Bb5 g6 4. Bxc6 bxc6 5. d3 Bg7 6. O-O Ba6 7. c3 d6 
8. Na3 Qc7 9. Re1 e5 10. Be3 Nf6 11. Bg5 O-O 12. Qd2 Ne8 13. Rad1 d5 
14. exd5 cxd5 15. c4 f6 16. Bh6 Bxh6 17. Qxh6 dxc4 18. dxc4 Nd6 19. Qh3 Bc8 
20. Qh6 e4 21. Qf4 exf3 22. Qxd6 Qxd6 23. Rxd6 fxg2 24. Rc6 Bb7 25. Rxc5 Rfe8 
26. Rc1 Re2 27. Nc2 Rd8 28. Rc7 Rxc2 
0-1

[Event "34th Chess Olympiad (men)"]
[Site "Istanbul"]
[Date "2000.11.01"]
[Round "5.50.1"]
[White "Bouaziz, Slim"]
[Black "Kesmaecker, Philippe"]
[WhiteElo "2383"]
[BlackElo "2293"]
[WhiteCountry "TUN"]
[BlackCountry "MNC"]
[Result "1/2-1/2"]

1. d4 e6 2. Nf3 f5 3. g3 Nf6 4. Bg2 d5 5. O-O Bd6 6. c4 c6 7. Qc2 O-O 
8. Bf4 Bxf4 9. gxf4 Ne4 10. Nc3 Bd7 11. Qb3 Qb6 12. Qc2 Qd8 13. Qb3 Qb6 
14. Qc2 Qd8 15. e3 Be8 16. Nxe4 fxe4 17. Ne5 Nd7 18. Nxd7 Qxd7 
1/2-1/2

[Event "34th Chess Olympiad (men)"]
[Site "Istanbul"]
[Date "2000.11.01"]
[Round "5.50.2"]
[White "Farleigh, Richard"]
[Black "Doghri, Nabil"]
[WhiteElo "2199"]
[BlackElo "2342"]
[WhiteCountry "MNC"]
[BlackCountry "TUN"]
[Result "0-1"]

1. g3 Nf6 2. Bg2 e5 3. c4 Bc5 4. d3 O-O 5. Nf3 Nc6 6. O-O d6 7. Nc3 h6 8. a3 a5 
9. Rb1 Re8 10. Nd2 Bg4 11. h3 Be6 12. Nd5 Bxd5 13. cxd5 Ne7 14. b4 axb4 
15. axb4 Ba7 16. Qb3 Qd7 17. Bb2 Qf5 18. Nf3 Qg6 19. Kh2 Qh5 20. e4 g5 
21. Ne1 Kh7 22. d4 Ng6 23. Rc1 Bb6 24. dxe5 Nxe5 25. Bxe5 dxe5 26. Nd3 Ra7 
27. Rc2 Qg6 28. Nc5 Rea8 29. Qc3 Qg7 30. Kg1 Ne8 31. Qd3 Nd6 32. Rc3 Ra2 
33. Bf3 Qg6 34. Re1 h5 35. Kg2 g4 36. hxg4 hxg4 37. Bd1 Kg7 38. Bb3 Qh6 
39. Rh1 Rxf2+ 40. Kxf2 Qxh1 41. Bc2 Rh8 
0-1

[Event "34th Chess Olympiad (men)"]
[Site "Istanbul"]
[Date "2000.11.01"]
[Round "5.50.3"]
[White "Bejaoui, Anis"]
[Black "Lebel, Patrick"]
[WhiteElo "2124"]
[BlackElo "2172"]
[WhiteCountry "TUN"]
[BlackCountry "MNC"]
[Result "0-1"]

1. e4 Nc6 2. d4 d5 3. e5 Bf5 4. c3 e6 5. Bd3 Bxd3 6. Qxd3 Qd7 7. Ne2 f6 
8. exf6 gxf6 9. O-O O-O-O 10. f4 f5 11. b4 Nf6 12. Nd2 Bd6 13. a4 Rdg8 
14. Nf3 Ne4 15. a5 Qg7 16. Ne1 h5 17. b5 Nd8 18. Ra2 Rh6 19. Kh1 Rg6 20. Ng1 h4 
21. Rf3 Rg4 22. b6 cxb6 23. axb6 a6 24. Qf1 Kb8 25. c4 Qxd4 26. cxd5 Qxd5 
27. Rc2 Nc6 28. Rd3 Qb5 29. Rb2 Nb4 30. Nh3 Qc4 
0-1

[Event "34th Chess Olympiad (men)"]
[Site "Istanbul"]
[Date "2000.11.01"]
[Round "5.50.4"]
[White "Martinelli, Patrice"]
[Black "Jday, Wassim"]
[WhiteElo "2027"]
[BlackElo "2000"]
[WhiteCountry "MNC"]
[BlackCountry "TUN"]
[Result "0-1"]

1. d4 Nf6 2. Nc3 g6 3. e4 d6 4. Be3 Bg7 5. f3 c6 6. Qd2 b5 7. g4 b4 8. Nce2 a5 
9. Ng3 h5 10. gxh5 Nxh5 11. Nxh5 Rxh5 12. f4 c5 13. O-O-O Bg4 14. Be2 Bxe2 
15. Qxe2 cxd4 16. Bxd4 Bxd4 17. Rxd4 Qb6 18. Nf3 Nd7 19. f5 Rc8 20. fxg6 fxg6 
21. Qg2 Nf8 22. h4 Rhc5 23. Rd3 Rxc2+ 24. Qxc2 Rxc2+ 25. Kxc2 Qc6+ 26. Kd2 Qxe4 
27. Re1 Qc4 28. b3 Qf4+ 29. Kc2 Nd7 30. Rde3 e5 31. Rd3 Nc5 32. Rxd6 Qxf3 
33. Rxe5+ Kf7 34. Rxc5 Qf2+ 35. Rd2 Qxc5+ 36. Kd1 Qh5+ 
0-1

[Event "34th Chess Olympiad (men)"]
[Site "Istanbul"]
[Date "2000.11.01"]
[Round "5.51.1"]
[White "Valiente, Cristobal"]
[Black "Dive, Russell John"]
[WhiteElo "2389"]
[BlackElo "2414"]
[WhiteCountry "PAR"]
[BlackCountry "NZL"]
[Result "1/2-1/2"]

1. Nf3 Nf6 2. c4 e6 3. g3 b6 4. Bg2 Bb7 5. O-O c5 6. Nc3 Be7 7. Re1 d5 
8. cxd5 Nxd5 9. Nxd5 Bxd5 10. e4 Bb7 11. d4 cxd4 12. Nxd4 O-O 13. Bf4 Nc6 
14. Nxc6 Bxc6 15. Rc1 Rc8 
1/2-1/2

[Event "34th Chess Olympiad (men)"]
[Site "Istanbul"]
[Date "2000.11.01"]
[Round "5.51.2"]
[White "Smith, Robert W"]
[Black "Peralta, Eduardo"]
[WhiteElo "2270"]
[BlackElo "2330"]
[WhiteCountry "NZL"]
[BlackCountry "PAR"]
[Result "1/2-1/2"]

1. e4 c5 2. Nf3 d6 3. d4 cxd4 4. Nxd4 Nf6 5. Nc3 Nc6 6. Bg5 e6 7. Qd2 Be7 
8. O-O-O O-O 9. Nb3 a6 10. Bxf6 gxf6 11. f4 Kh8 12. Be2 Rg8 13. Bh5 Rg7 
14. Rhf1 b5 15. g3 b4 16. Ne2 a5 17. Nbd4 Nxd4 18. Nxd4 Bb7 19. Bf3 Qb6 
20. f5 e5 21. Ne2 a4 22. Kb1 Rgg8 23. Nc1 Rgc8 24. Qf2 Qa5 25. Qe3 b3 
26. cxb3 a3 27. bxa3 Qxa3 28. Qd2 d5 29. exd5 Bb4 30. Qb2 Qa5 31. Ne2 Ba6 
32. d6 Ba3 33. Qd2 Bb4 34. Qb2 Ra7 35. g4 Rd7 36. g5 Rcd8 37. Rd5 Qb6 
38. gxf6 Rxd6 39. Rfd1 Rxd5 40. Bxd5 Qe3 41. Nc1 e4 42. Qg2 Qh6 43. Qg7+ Qxg7 
44. fxg7+ Kxg7 45. Rg1+ Kf6 46. Bxe4 Rd2 47. Rg2 Rd1 48. Kb2 Re1 49. Bd3 Bb7 
50. Rg4 Bd2 51. Ne2 Rh1 52. Rh4 h6 53. Ng3 Rg1 54. Ne4+ Bxe4 55. Bxe4 Bg5 
56. Rh3 Bf4 57. b4 Re1 58. Bd3 Rd1 59. a4 Ke5 60. Bc2 Rd4 61. Rb3 Bd2 
62. Ka3 Bc1+ 63. Ka2 Bd2 64. Rd3 Bxb4 65. Kb3 Bd2 66. Rxd4 Kxd4 67. Bd1 Ba5 
68. Bh5 f6 69. Bg6 Be1 70. h3 Ba5 71. h4 
1/2-1/2

[Event "34th Chess Olympiad (men)"]
[Site "Istanbul"]
[Date "2000.11.01"]
[Round "5.51.3"]
[White "Patriarca, Luis"]
[Black "Green, Peter"]
[WhiteElo "2307"]
[BlackElo "2239"]
[WhiteCountry "PAR"]
[BlackCountry "NZL"]
[Result "1-0"]

1. c4 c6 2. e4 d5 3. exd5 cxd5 4. d4 dxc4 5. Bxc4 e6 6. Nf3 Nf6 7. O-O Be7 
8. Nc3 O-O 9. Qe2 Nbd7 10. Rd1 Nb6 11. Bb3 Nbd5 12. Ne5 Bd7 13. Qf3 Be8 
14. Bg5 Nxc3 15. bxc3 Qc7 16. c4 Nd7 17. Bf4 Nxe5 18. Bxe5 Qd7 19. d5 exd5 
20. Qg3 f6 21. Rxd5 Qc8 22. Bd6 Bxd6 23. Rxd6 Kh8 24. Rad1 Bc6 25. Bc2 Qe8 
26. Qh4 h6 27. h3 Qe5 28. Qg4 Qg5 29. Bg6 Qxg4 30. hxg4 Kg8 31. f3 Rac8 
32. R1d4 Be8 33. Be4 Rc7 34. Rd8 g5 35. Ra8 Bf7 36. Rxa7 Rxc4 37. Rd7 Rc1+ 
38. Kh2 Rb8 39. Bxb7 Ra1 40. Be4 
1-0

[Event "34th Chess Olympiad (men)"]
[Site "Istanbul"]
[Date "2000.11.01"]
[Round "5.52.1"]
[White "Al, Hadarani Hatim"]
[Black "Samuel Sousa, Carlos"]
[WhiteElo "2374"]
[BlackElo "2000"]
[WhiteCountry "YEM"]
[BlackCountry "ANG"]
[Result "1-0"]

1. d4 g6 2. e4 Bg7 3. Be3 d6 4. Qd2 Nf6 5. f3 Nc6 6. Ne2 e5 7. d5 Ne7 8. g4 h5 
9. g5 Nd7 10. c4 O-O 11. Nbc3 a5 12. Nc1 Kh7 13. Be2 b6 14. O-O Ng8 15. Kh1 Nc5 
16. Nd3 Qe7 17. Rg1 Bd7 18. Raf1 Bh3 19. Rb1 Bd7 20. Rg3 Qe8 21. Ne1 Ne7 
22. Ng2 Rd8 23. Rf1 c6 24. Bd1 cxd5 25. cxd5 Rc8 26. f4 exf4 27. Rxf4 Be5 
28. Bd4 b5 29. Bxe5 dxe5 30. Rh4 b4 31. Ne2 Kg8 32. Ng1 Bg4 33. Bxg4 Nxe4 
34. Qe2 Nxg3+ 35. hxg3 hxg4 36. Qxe5 f6 37. gxf6 g5 38. f7+ Kxf7 39. Rh7+ 
1-0

[Event "34th Chess Olympiad (men)"]
[Site "Istanbul"]
[Date "2000.11.01"]
[Round "5.52.2"]
[White "Campos, Eugenio"]
[Black "Al Badani, Abdo"]
[WhiteElo "2238"]
[BlackElo "2000"]
[WhiteCountry "ANG"]
[BlackCountry "YEM"]
[Result "1-0"]

1. d4 d5 2. c4 Nf6 3. Nc3 dxc4 4. e3 e6 5. Bxc4 Be7 6. Nf3 O-O 7. O-O b6 
8. e4 Bb7 9. Qe2 Nc6 10. Rd1 Na5 11. Bd3 c5 12. dxc5 bxc5 13. Bg5 Nd7 
14. Bb5 Bxg5 15. Bxd7 Bf4 16. Bxe6 Qb6 17. Bd5 Ba6 18. Qc2 Rab8 19. Rab1 Qg6 
20. Qa4 Qb6 21. e5 c4 22. Be4 Nb7 23. Nd5 Qh6 24. b4 c3 25. Nxc3 g5 26. Qd7 Qg7 
27. Nd5 Nd8 28. Qxa7 Kh8 29. Bf5 Nc6 30. Qc5 Nxe5 31. Nxe5 Bxe5 32. Bd7 Rfe8 
33. Re1 Qg6 34. Rf1 Bxf1 35. Rxf1 f6 36. Bxe8 Rxe8 37. Rd1 Qh5 38. g3 Qe2 
39. Qb5 Qh5 40. Qxe8+ 
1-0

[Event "34th Chess Olympiad (men)"]
[Site "Istanbul"]
[Date "2000.11.01"]
[Round "5.52.3"]
[White "Al Kadhi, Hameed"]
[Black "Assis Pedro, Aderito"]
[WhiteElo "2335"]
[BlackElo "2000"]
[WhiteCountry "YEM"]
[BlackCountry "ANG"]
[Result "0-1"]

1. e4 e6 2. d4 d5 3. Nc3 Bb4 4. Ne2 Nf6 5. Bg5 dxe4 6. a3 Be7 7. Bxf6 gxf6 
8. Nxe4 f5 9. N4g3 h5 10. Nf4 h4 11. Ngh5 c6 12. c3 Bd6 13. Qf3 Qg5 14. Be2 Nd7 
15. Nd3 f6 16. Nhf4 Nb6 17. Nh3 Qh6 18. Qe3 Bd7 19. Qxh6 Rxh6 20. f4 O-O-O 
21. Bf3 Nc4 22. Ke2 Rg6 23. Nhf2 e5 24. fxe5 fxe5 25. dxe5 Re6 26. Rae1 Bxe5 
27. Kd1 Bc7 28. h3 Bb6 29. Kc1 Rd6 30. Re2 Be3+ 31. Kc2 c5 32. Ra1 Bxf2 
33. Nxf2 Ba4+ 34. b3 Rd2+ 35. Kc1 Bxb3 36. Rxd2 Rxd2 37. Rb1 Rc2+ 38. Kd1 Ne3+ 
39. Ke1 c4 40. a4 a5 41. Bd1 Nxg2+ 
0-1

[Event "34th Chess Olympiad (men)"]
[Site "Istanbul"]
[Date "2000.11.01"]
[Round "5.52.4"]
[White "Domingos, Manuel"]
[Black "Al-Zendani, Zendan"]
[WhiteElo "2000"]
[BlackElo "2224"]
[WhiteCountry "ANG"]
[BlackCountry "YEM"]
[Result "1-0"]

1. e4 c5 2. Nf3 d6 3. c3 Nf6 4. Be2 Nc6 5. d3 g6 6. O-O Bg7 7. Re1 O-O 8. h3 h6 
9. Bf1 e5 10. Na3 d5 11. Qe2 b6 12. Nb5 a6 13. Na3 Bb7 14. Bd2 Qc7 
15. Rad1 Rad8 16. Bc1 Rfe8 17. Nh2 Ne7 18. Ng4 Nxg4 19. hxg4 b5 20. Nc2 Rc8 
21. Qf3 dxe4 22. dxe4 f5 23. gxf5 gxf5 24. Qg3 fxe4 25. Qg4 Qc6 26. a4 Rc7 
27. axb5 axb5 28. Na3 c4 29. b3 Nd5 30. bxc4 Nxc3 31. cxb5 Qf6 32. Be3 Nxd1 
33. Rxd1 Rd8 34. Rxd8+ Qxd8 35. Nc4 Qd7 36. Qh4 Qd1 37. Nd2 Rd7 38. Nxe4 Qc2 
39. Nf6+ Bxf6 40. Qxf6 Rd1 41. Qe6+ Kg7 42. Qe7+ Kg6 43. Qe6+ Kg7 44. Qxe5+ Kf7 
45. Qh5+ Ke7 46. Bc5+ Kd8 47. Qh4+ Kc8 48. Qg4+ Rd7 49. Qg8+ Rd8 50. Qe6+ Rd7 
51. Bb6 Qd1 52. Qe8+ Rd8 53. Qxd8+ Qxd8 54. Bxd8 Kxd8 55. Kh2 
1-0

[Event "34th Chess Olympiad (men)"]
[Site "Istanbul"]
[Date "2000.11.01"]
[Round "5.53.1"]
[White "Roselli, Mailhe Bernardo"]
[Black "Carrera, Alhan"]
[WhiteElo "2400"]
[BlackElo "2135"]
[WhiteCountry "URU"]
[BlackCountry "PAN"]
[Result "1-0"]

1. e4 e6 2. d4 d5 3. Nc3 dxe4 4. Nxe4 Nf6 5. Bg5 Be7 6. Bxf6 Bxf6 7. Nf3 Nc6 
8. c3 O-O 9. Bb5 Bd7 10. O-O a6 11. Ba4 Qe7 12. Re1 Rad8 13. Nc5 Bc8 
14. Bxc6 bxc6 15. Qa4 Rd5 16. Qxc6 Qd6 17. Qxd6 Rxd6 18. Nd2 Rd5 19. Nc4 g6 
20. b4 h5 21. f4 Rfd8 22. Ne3 Rxd4 23. cxd4 Bxd4 24. Rac1 f6 25. Nb3 Bb6 
26. Nc5 Kf7 27. Red1 Re8 28. Nc4 Ba7 29. Kh1 e5 30. fxe5 fxe5 31. Rf1+ Kg7 
32. Rce1 Bxc5 33. bxc5 e4 34. c6 Bf5 35. Ne3 Re5 36. Rd1 h4 37. Rd7+ Kh6 
38. Rd5 Re6 39. Nxf5+ gxf5 40. Rdxf5 Kg6 41. Rc5 e3 42. Kg1 Kg7 43. Re1 Kf6 
44. Rc3 Ke7 45. Rcxe3 Rxe3 46. Rxe3+ 
1-0

[Event "34th Chess Olympiad (men)"]
[Site "Istanbul"]
[Date "2000.11.01"]
[Round "5.53.2"]
[White "Cedeno, Ahmed"]
[Black "Crosa, Martin"]
[WhiteElo "2095"]
[BlackElo "2242"]
[WhiteCountry "PAN"]
[BlackCountry "URU"]
[Result "0-1"]

1. e4 c5 2. Nf3 Nc6 3. d4 cxd4 4. Nxd4 Nf6 5. Nc3 e5 6. Ncb5 exd4 7. Nxd4 Qa5+ 
8. c3 Qe5 9. f3 Nxd4 10. cxd4 Qa5+ 11. Kf2 Be7 12. Bd2 Qb6 13. Bc3 O-O 
14. Bd3 d6 15. Re1 Be6 16. Kf1 Rac8 17. Qe2 Rfe8 18. g4 h6 19. h3 a6 
20. Kg2 Nh7 21. f4 Bf6 22. e5 Bh4 23. Rf1 dxe5 24. dxe5 Bc4 25. Kh2 Bxd3 
26. Qxd3 Red8 27. Qe2 Qb5 28. Qxb5 axb5 29. Rad1 Nf8 30. Rxd8 Bxd8 31. Rf3 Ne6 
32. Kg3 Nc5 33. Re3 Bb6 34. Bd4 Rd8 35. Bxc5 Bxc5 36. Rb3 b4 37. Kf3 Ra8 
38. Ke4 Rxa2 39. f5 Ra1 40. Kd5 b6 41. Rd3 Re1 42. e6 Kf8 43. h4 fxe6+ 
44. fxe6 Ke7 45. g5 h5 
0-1

[Event "34th Chess Olympiad (men)"]
[Site "Istanbul"]
[Date "2000.11.01"]
[Round "5.53.3"]
[White "Granara, Barreto Sebastian A"]
[Black "Miranda, Adrian"]
[WhiteElo "2095"]
[BlackElo "2000"]
[WhiteCountry "URU"]
[BlackCountry "PAN"]
[Result "1-0"]

1. e4 c5 2. Nf3 e6 3. d4 cxd4 4. Nxd4 a6 5. Nc3 Qc7 6. g3 Nf6 7. Bg2 d6 
8. O-O Be7 9. a4 Nc6 10. Be3 O-O 11. h3 Rb8 12. Qe2 Ne5 13. Rad1 Re8 
14. Kh1 Bd7 15. Bc1 Qc4 16. f4 Qxe2 17. Ndxe2 Nc6 18. e5 dxe5 19. fxe5 Nd5 
20. Nxd5 exd5 21. Bxd5 Nxe5 22. Bf4 Bf6 23. Bxe5 Rxe5 24. Bxf7+ Kxf7 
25. Rxd7+ Ke8 26. Rd2 Rd8 27. Rxd8+ Bxd8 28. Nf4 Re3 29. Kg2 Re4 30. b3 Ba5 
31. Kf3 Re5 32. Rf2 Rf5 33. Ke4 Rf7 34. Re2 Kd7 35. Nd5 Kc6 36. c4 Bd8 
37. Re3 Rf1 38. Rd3 Re1+ 39. Kf3 Re8 40. Nf4 Bc7 41. Nd5 Bb8 42. Re3 Rxe3+ 
43. Nxe3 b5 44. cxb5+ axb5 45. g4 Be5 46. Ke4 Bf6 47. Nd5 bxa4 48. bxa4 Bd8 
49. Ke5 Kd7 50. Ne3 Bf6+ 51. Kf5 Bd8 52. Nc4 Kc6 53. Ke6 Bf6 54. Ne5+ Kb7 
55. Nd7 Bc3 56. Nf8 h6 57. Kf7 Kc6 58. Ne6 g5 59. Ng7 Kd5 60. Nf5 Ke4 
61. Kg6 Bd2 62. Nxh6 Kf4 63. Nf7 Kg3 64. Nxg5 Ba5 65. Kf5 Bd8 66. Nf7 Ba5 
67. g5 Kh4 68. g6 Bc3 69. Ne5 
1-0

[Event "34th Chess Olympiad (men)"]
[Site "Istanbul"]
[Date "2000.11.01"]
[Round "5.53.4"]
[White "Carrillo, Jose"]
[Black "Muniz, Rafael"]
[WhiteElo "2000"]
[BlackElo "2131"]
[WhiteCountry "PAN"]
[BlackCountry "URU"]
[Result "0-1"]

1. e4 c5 2. Nf3 e6 3. d4 cd4 4. Nd4 Nf6 5. Bd3 Nc6 6. Nc6 bc6 7. O-O d5 
8. Bg5 h6 9. Bh4 de4 10. Bf6 Qf6 11. Be4 Bb7 12. c3 Rb8 13. Qa4 e5 14. Qa7 Bd6 
15. Na3 O-O 16. Nc4 Bc7 17. Na5 Ba5 18. Qa5 Qf4 19. f3 f5 20. Bc2 e4 
21. fe4 Qe3+ 22. Kh1 fe4 23. Rac1 c5 24. Qb5 Qd2 25. Rf8+ Rf8 26. Bb3+ Kh7 
27. Rd1 Qf2 28. Bc4 Qc2 29. Rg1 Ba8 30. Qc5 Qf2 31. Qf2 Rf2 32. Rb1 Kg6 
33. b4 Kg5 34. h3 e3 35. Bf1 e2 36. Kg1 Rfxf1+ 37. Rxf1 ef1Q+ 38. Kf1 Kf4 
39. Kf2 Ke4 40. Ke2 Bc6 41. c4 Kd4 42. c5 Bg2 43. h4 Kc4 44. a3 Bc6 45. Ke3 g6 
46. Kf4 Kd4 47. h5 
0-1

[Event "34th Chess Olympiad (men)"]
[Site "Istanbul"]
[Date "2000.11.01"]
[Round "5.54.1"]
[White "Leyva, Hector"]
[Black "Farrand, Tom"]
[WhiteElo "2409"]
[BlackElo "2270"]
[WhiteCountry "ESA"]
[BlackCountry "JCI"]
[Result "1-0"]

1. d4 Nf6 2. Nf3 c5 3. d5 b5 4. a4 b4 5. Bg5 d6 6. Bf6 ef6 7. e4 g6 8. Nbd2 Bg7 
9. Bb5+ Nd7 10. Nc4 Qe7 11. O-O O-O 12. Re1 Ne5 13. Nfe5 fe5 14. c3 bc3 
15. bc3 f5 16. Rb1 Qc7 17. f4 a6 18. Bc6 Ra7 19. fe5 Be5 20. Ne5 de5 
21. Qb3 Kg7 22. Qc4 Qd6 23. a5 fe4 24. Rb6 Qf6 25. Qc5 Raf7 26. Rbb1 Qg5 
27. d6 Bh3 28. Be4 Kh6 29. Re3 Bd7 30. Bd3 Rf2 31. Rg3 Qd2 32. Qe3+ Qe3 
33. Re3 Bc6 34. Re2 R2f6 35. Re5 Rd6 36. Ba6 Rd2 37. Re2 Rd5 38. Ra2 Rf4 
39. Rba1 Rc5 40. Bd3 Rg5 41. c4 Re5 42. a6 Re3 43. Bf1 Ba8 44. Re2 
1-0

[Event "34th Chess Olympiad (men)"]
[Site "Istanbul"]
[Date "2000.11.01"]
[Round "5.54.2"]
[White "Khan, Mohammed"]
[Black "Arias, Lemnys"]
[WhiteElo "2197"]
[BlackElo "2000"]
[WhiteCountry "JCI"]
[BlackCountry "ESA"]
[Result "0-1"]

1. c4 e5 2. g3 Nf6 3. Bg2 Bc5 4. Nc3 Nc6 5. Nf3 O-O 6. O-O Re8 7. d3 d6 
8. Rb1 Bg4 9. h3 Be6 10. Ng5 Bf5 11. Nge4 Nxe4 12. Nxe4 Bb6 13. b4 Qd7 
14. Kh2 a5 15. b5 Ne7 16. Nc3 Bd4 17. Nd5 Nxd5 18. cxd5 Bc5 19. e4 Bg6 
20. g4 a4 21. Bd2 a3 22. Bc3 f6 23. f4 c6 24. f5 Bf7 25. h4 cxd5 26. exd5 Be3 
27. Bd2 Bxd2 28. Qxd2 Ra4 29. Be4 Rd4 30. Qg2 Rc8 31. g5 Kf8 32. gxf6 gxf6 
33. b6 Ke7 34. Rfc1 Qd8 35. Qd2 Rc5 36. Rb3 Bxd5 37. Rxc5 dxc5 38. Qa5 Bxb3 
39. axb3 Rb4 40. Qxa3 Qxb6 41. Bd5 Rxh4+ 42. Kg3 Qb4 
0-1

[Event "34th Chess Olympiad (men)"]
[Site "Istanbul"]
[Date "2000.11.01"]
[Round "5.54.3"]
[White "Segura, Javier"]
[Black "Boxal, Graham"]
[WhiteElo "2000"]
[BlackElo "2000"]
[WhiteCountry "ESA"]
[BlackCountry "JCI"]
[Result "1/2-1/2"]

1. e4 d6 2. d4 Nf6 3. Nc3 g6 4. Bg5 Bg7 5. f4 h6 6. Bh4 c5 7. dxc5 Qa5 
8. Qd2 Qxc5 9. Bd3 Nc6 10. Nf3 O-O 11. O-O-O Be6 12. h3 Nb4 13. Kb1 Rfc8 
14. g4 Qa5 15. a3 Nxd3 16. Qxd3 Rxc3 17. Qxc3 Qxc3 18. bxc3 Nxe4 19. Be1 Bxc3 
20. Nd4 Bc4 21. Kc1 Rc8 22. f5 e5 23. fxe6ep fxe6 24. Rh2 Bxd4 25. Rxd4 d5 
26. Kb2 Rc6 27. Bb4 Rb6 28. Kc1 Rb5 29. Bd2 e5 30. Rxe4 dxe4 31. Bxh6 Rd5 
32. Rd2 Rxd2 33. Bxd2 Bf1 34. h4 Bh3 35. g5 Kf7 36. Bc3 Ke6 37. Kd2 Bf5 
38. Ke3 b6 39. Bb4 a5 40. Bc3 Kd6 41. Bb2 Kd5 42. Bc3 Bg4 43. Bb2 Bf3 
44. Bc3 Ke6 45. Be1 Kd5 46. Bc3 Bg4 47. Bb2 
1/2-1/2